000 00503nam a2200181Ia 4500
005 20240813101328.0
008 131103s9999 xx 000 0 und d
040 _aLoreto College
041 _aEnglish
082 _a822N
_bGOD
100 _aBennett, Gordon C.
245 _aGod is my fuehrer
_b a dramatic interpretation of the life of martin niemoller
_cGordon C. Bennett
260 _aNew york
_bFriendship
_c1970
300 _a47p.
650 _aEnglish drama
850 _aLCBED
942 _cBK
999 _c29886
_d80365